| 000 | 00679nam a2200229 a 4500 | ||
|---|---|---|---|
| 001 | 000045375 | ||
| 003 | DO-SdBNP | ||
| 005 | 20240307183156.0 | ||
| 007 | ta | ||
| 008 | 150305s2014 dr ac 000 0 spa d | ||
| 020 | _a9789945896404 | ||
| 040 |
_aDO-SdBNP _bspa _cBNPHU |
||
| 082 |
_axxxx _bC117s |
||
| 100 | 1 |
_aCabral, Euri _91097 |
|
| 245 | 1 | 0 |
_aSembrando Valores : _breflexiones con Jesús en el corazón / _cEuri Cabral. |
| 260 |
_aSanto Domingo : _bIanna, _c2014. |
||
| 300 |
_a271 p. : _bil., retrs. ; _c23 cm. |
||
| 500 | _aIncluye datos biográficos del autor en la solapa de la cubierta. | ||
| 590 | _aInventariado, 2021 / DG | ||
| 910 | _aD/G | ||
| 942 |
_2ddc _cLBS1 |
||
| 999 |
_c44864 _d44864 |
||